Регионална библиотека "Любен Каравелов" - Русе

Завръщане към любовта (Запис номер 323404)

MARC детайли
000 -Лидер
Контролно поле с фиксирана дължина 00892aam a2200265 a 4500
003 - Код на организацията, давaща контролен номер
Контролно поле BLK
005 - Дата и час на последна редакция
Контролно поле 20250617095458.0
008 - Елементи от данни с фиксирана дължина
fixed length control field 180725b bul||||| |||| 00| 0 bul d
020 ## - Международен стандартен номер на книга ISBN
Международен стандартен номер на книга ISBN 978-619-157-238-0
040 ## - Източник на каталожния запис
Идентификатор на билиотеката - собственик на записа BLK
041 ## - Код за език
Код за езика на текст/звукозапис или на отделно заглавие Български
Код за езика КДБФ Български
080 ## - УДК
Текстов определител УДК Американска литература (на САЩ)
УДК код - определител по УДК 821.111(73)
УДК - код + определител -31
100 ## - Редна дума - Автор
Автор Ашли, Кристен
Авторска отговорност първи автор
R(LIN) 1299
139 ## - Редно поле
Редна дума Ашли, Кристен
Авторски знак Аш - А 98
245 ## - Сведения за заглавието
Заглавие Завръщане към любовта
Подзаглавни данни Роман
Редно поле (дума) Кристен Ашли, прев. Вера Паунова
260 ## - Област на издателските данни
Име на издателя, разпространителя и проч. Ибис
Година на издаване 2017
Място на издаване, разпространение и проч. София
300 ## - Физическа характеристика
Страници 556 с.
Размери/Мащаб 21 см
380 ## - Жанр
Жанр Худож. лит.
700 ## - Други автори (авторска отговорност)
9 (RLIN) 340267
Лично име Ашли, Кристен
Автороска отговорност (Описва отношението между автора и произведението) първи автор
852 ## - Местоположение
Форматна сигнатура Цб 294805
999 ## - СИСТЕМНИ КОНТРОЛНИ НОМЕРА
Koha biblionumber 323404
Koha biblioitemnumber 323404
942 ## - АРТИКУЛИ
Вид на библиотечния материал Книги
Източник на класификационната схема Universal Decimal Classification
Скрит в OPAC Не
Koha issues (borrowed), all copies 48
999 ## - СИСТЕМНИ КОНТРОЛНИ НОМЕРА
Koha biblioitemnumber 323404
999 ## - СИСТЕМНИ КОНТРОЛНИ НОМЕРА
Koha biblioitemnumber 323404
944 ## - СЪЗДАВАНЕ И РЕДАКЦИЯ на ЗАПИСА
Служител, извършил регистрацията/редакцията 30531
Статус, дата на статуса Цветелина Шанова
Наличности
Код за отписване Код за изгубен артикул Източник на класификационната схема Код за повреда Код за отдаване Артикулен № Име на библиотеката - собственик Име на библиотеката, в която се намира в момента Статус (Текущо местоположение) Дата на вписване в системата Местоположение - отдел Цена в лева Инвентарен номер Систематично азбучна сигнатура Баркод Цена в евро Служебен тип на артикула Коз за рестрикции
  Не е изгубен Universal Decimal Classification Не е повреден заемане за дома 678285 Регионална библиотека "Любен Каравелов" Русе Регионална библиотека "Любен Каравелов" Русе Заемна - подръчен фонд 2018-07-06 Заемна - подръчен фонд 13.41 120000821841 П 820(73)-31/А 98 120000821841 6.86 Книги  
  Не е изгубен Universal Decimal Classification Не е повреден ползва се в читалня 713704 Регионална библиотека "Любен Каравелов" Русе Регионална библиотека "Любен Каравелов" Русе Хранилище 2019-05-30 Хранилище 17.90   Цб 294805 120000832024 9.15 Книги без рестрикции
Vip Innovations Ltd, Rousse, Bulgaria 2025